000 00913nam a2200289 a 4500
001 000009127
003 000009127
005 20170925133242.0
008 090928s1998 dr 000 p spa d
020 _a8489539626
040 _aBPMSU
_bspa
_cBPMSU
082 0 4 _aRD861.44
_bC117c 1998
100 1 _aCabral, Manuel del,
_d1907-1999
245 1 0 _aCompadre Mon /
_cManuel Del Cabral ; edición Diógenes Céspedes.
250 _a9a ed.
260 _aSanto Domingo :
_bFundación Manuel del Cabral :
_bEditora de Colores,
_c1998.
300 _a186 p. :
_c21 cm.
440 _pObras selectas
_nObras selectas
650 4 _aPOESÍA DOMINICANA
650 4 _aLITERATURA DOMINICANA
700 1 2 _aCéspedes, Diógenes,
_eed.
856 _3Obras selectas
910 _aValidado. Control de calidad MFF
942 _2ddc
_cBK
945 _aInventatariado / 2017 VM
956 _aVMATEO
_b10
_c20150923
_lBPMSU
_h0069
999 _c7138
_d7138